[Event "WJCC U20 Open 2019"]
[Site "New Delhi"]
[Date "2019.10.15"]
[Round "1.38"]
[White "Aravena Navarro, Alexis Andres"]
[Black "Agmanov, Zhandos"]
[Result "0-1"]
[WhiteElo "2023"]
[BlackElo "2403"]
[Annotator "TA"]
[PlyCount "88"]
[EventDate "2019.10.15"]
[EventType "swiss"]
[EventCountry "IND"]
[SourceTitle "playchess.com"]
[Source "ChessBase"]
[SourceQuality "1"]

{[%evp 20,88,12,-2,26,12,47,32,47,50,36,0,16,0,9,0,0,0,0,-45,27,29,41,34,31,37,47,52,60,70,58,62,87,87,87,65,73,53,53,68,80,62,63,70,77,0,28,31,37,0,0,0,0,-38,-14,-68,-65,-60,-63,-99,-116,-736,-727,-630,-192,-183,-185,-181,-194,-997,-987]} 1. c4 Nf6 2. Nc3 e5 3. g3 d5 4. cxd5 Nxd5 5. Bg2 Nb6 6. Nf3 Nc6 7. O-O Be7 8. d3 O-O 9. Bd2 Be6 10. a3 a5 11. Na4 Nd7 {A29: English Opening: Four Knights Variation with 4 g3} (11... Nxa4 12. Qxa4 Qd7 13. Rac1 f6 14. Be3 Rfd8 15. Rfd1 Nd4 16. Qxd7 Rxd7 17. Bxd4 exd4 18. Nd2 Rb8 19. Nc4 {0-1 (53) Skomorokhin,R (2415)-Nakhapetiane,P (2495) Togliatti 2011}) 12. Rc1 f6 $146 ({Predecessor:} 12... Nd4 13. Nxd4 exd4 14. b4 axb4 15. axb4 c6 16. Nc5 Nxc5 17. bxc5 Bd5 18. f3 Qd7 19. Re1 {½-½ (19) Koch,J (1952)-Conti,C (1572) Moron 2018}) 13. Be3 Qe8 {White is slightly better.} 14. d4 exd4 $1 15. Nxd4 (15. Bf4 $5 {[%cal Rf4c7]}) 15... Nxd4 16. Bxd4 c6 17. Qd2 Qf7 18. e4 Rfd8 {And now ...b5 would win.} 19. Qc3 Ra6 (19... Qh5 $15) 20. Rfe1 $11 Bb3 21. Bf1 $36 {[%mdl 2048] White has good play.} b5 22. Nc5 Bxc5 23. Bxc5 a4 24. Bd4 Qe6 25. f4 Re8 26. h4 Qf7 27. Kh2 Nf8 28. Qf3 Ne6 29. Be3 Nf8 30. Rc3 f5 31. Bd3 Nd7 32. exf5 ({White should try} 32. e5 $16) 32... Bd5 33. Qd1 Nf6 34. Bf2 Rxe1 35. Qxe1 Ra8 36. Bd4 Re8 {[%mdl 1024] Black has compensation.} 37. Be5 (37. Qd1 $11) 37... Ng4+ $15 38. Kh3 h5 $1 39. Rc2 Bf3 $1 40. Qc3 $2 {[%mdl 8192]} (40. Rd2 $17) 40... Qd5 $1 $19 41. Bf1 Qe4 $2 (41... Nxe5 42. fxe5 Rxe5 43. Rd2 $17) (41... Rd8 {Strongly threatening ...Qd1.} 42. Qe1 (42. Bxg7 $2 Qd1 $19) 42... Qd1 $1 {[%mdl 512]}) 42. Qd3 {[#]} ({Don't go for} 42. Bxg7 $2 Qxf5 43. Bh8 Ne3+ 44. Kh2 Qxc2+ $19) ({Reject} 42. Bd3 Qd5 $17) 42... Qxd3 $1 ({Much less strong is} 42... Nxe5 43. fxe5 Rxe5 44. Qxe4 $17) 43. Bxd3 Rd8 44. Bf1 $2 (44. Be2 Be4 45. Rc3 Nf2+ 46. Kh2) 44... Rd1 {Accuracy: White = 39%, Black = 59%.} 0-1

[Event "WJCC U20 Open 2019"]
[Site "New Delhi"]
[Date "2019.10.15"]
[Round "1.40"]
[White "Lama, Milan"]
[Black "Di Benedetto, Edoardo"]
[Result "1/2-1/2"]
[WhiteElo "1976"]
[BlackElo "2401"]
[Annotator "NA"]
[PlyCount "33"]
[EventDate "2019.10.15"]
[EventType "swiss"]
[EventCountry "IND"]
[SourceTitle "playchess.com"]
[Source "ChessBase"]
[SourceQuality "1"]
[TimeControl "40/5400+30:1800+30"]

1. e4 e6 2. d4 d5 3. exd5 exd5 4. Bd3 Nc6 5. c3 Bd6 6. Nf3 Nge7 7. O-O Bg4 8. Nbd2 Qd7 9. Re1 f6 10. Nf1 O-O-O 11. b4 Rde8 12. a4 g5 13. a5 h5 14. b5 Nd8 15. b6 a6 16. bxc7 Bxc7 17. Ba3 1/2-1/2

[Event "WJCC U20 Open 2019"]
[Site "New Delhi"]
[Date "2019.10.15"]
[Round "1.41"]
[White "Sammed Jaykumar, Shete"]
[Black "Mohd Saprin, Amir Ghaazi"]
[Result "1/2-1/2"]
[WhiteElo "2392"]
[BlackElo "1942"]
[Annotator "NA"]
[PlyCount "44"]
[EventDate "2019.10.15"]
[EventType "swiss"]
[EventCountry "IND"]
[SourceTitle "playchess.com"]
[Source "ChessBase"]
[SourceQuality "1"]
[TimeControl "40/5400+30:1800+30"]

1. e4 {[%emt 0:00:00]} e5 {[%emt 0:00:00]} 2. Nf3 {[%emt 0:00:00]} Nc6 {[%emt 0:00:00]} 3. Bc4 {[%emt 0:00:00]} Bc5 {[%emt 0:00:11]} 4. c3 {[%emt 0:00:00]} Nf6 {[%emt 0:00:15]} 5. d3 {[%emt 0:00:04]} d6 {[%emt 0:00:25]} 6. h3 {[%emt 0:00:29]} a6 {[%emt 0:00:50]} 7. a4 {[%emt 0:00:13]} Ba7 {[%emt 0:00:27]} 8. Nbd2 {[%emt 0:01:31]} Ne7 {[%emt 0:01:25]} 9. Nf1 {[%emt 0:01:57]} Ng6 {[%emt 0:01:27]} 10. Ng3 {[%emt 0:03:26]} O-O {[%emt 0:03:38]} 11. O-O {[%emt 0:00:30]} h6 {[%emt 0:05:02]} 12. Bb3 {[%emt 0:00:35]} Re8 {[%emt 0:02:52]} 13. Re1 {[%emt 0:00:54]} Be6 {[%emt 0:08:15]} 14. Bc2 {[%emt 0:03:47]} d5 {[%emt 0:07:34]} 15. exd5 {[%emt 0:11:12]} Bxd5 {[%emt 0:02:02]} 16. a5 {[%emt 0:00:59]} Qd7 {[%emt 0:04:14]} 17. Be3 {[%emt 0:07:40]} Bxe3 {[%emt 0:04:39]} 18. fxe3 {[%emt 0:02:23]} Rad8 {[%emt 0:04:30]} 19. e4 {[%emt 0:07:22]} Be6 {[%emt 0:00:33]} 20. Kh2 {[%emt 0:00:00]} Bd5 {[%emt 0:00:27]} 21. Kg1 {[%emt 0:01:00]} Be6 {[%emt 0:00:33]} 22. Kh2 {[%emt 0:03:04]} c6 {[%emt 0:03:09]} 1/2-1/2

[Event "WJCC U20 Open 2019"]
[Site "New Delhi"]
[Date "2019.10.15"]
[Round "1.42"]
[White "De Silva, L M S T"]
[Black "Percivaldi, Martin"]
[Result "1-0"]
[WhiteElo "1879"]
[BlackElo "2391"]
[Annotator "TA"]
[PlyCount "95"]
[EventDate "2019.10.15"]
[EventType "swiss"]
[EventCountry "IND"]
[SourceTitle "playchess.com"]
[Source "ChessBase"]
[SourceQuality "1"]

{[%evp 17,95,31,49,33,26,-5,-5,-9,-5,-25,-26,-29,-8,-45,-54,-46,27,26,9,-11,33,0,32,32,56,54,48,39,32,30,73,45,75,70,73,69,90,96,112,98,97,90,310,117,363,369,393,393,431,441,462,391,422,366,369,318,1164,0,1522,1071,1524,1424,1264,1098,1040,1031,29983,29984,29984,29985,29985,29986,29986,29987,29987,29988,29988,29989,29996,29994]} 1. e4 e6 2. d4 d5 3. Nc3 Bb4 4. e5 Ne7 5. a3 Bxc3+ 6. bxc3 b6 7. Qg4 Ng6 8. h4 h5 9. Qd1 Ba6 10. Bg5 {C16: French: 3 Nc3 Bb4 4 e5: Lines without ...c5} (10. Bxa6 Nxa6 11. Bg5 Qd7 12. Ne2 Ne7 13. Nf4 g6 14. Bf6 Rg8 15. Qd3 Qa4 16. O-O Rc8 17. Rfd1 c6 18. f3 Kd7 19. g4 hxg4 20. fxg4 {1-0 (83) Bosiocic,M (2602)-Movsesian,S (2679) Moscow 2017}) 10... Qc8 11. Bxa6 Qxa6 12. Ne2 {The position is equal.} Qc4 13. Qd3 $146 ({Predecessor:} 13. Rh3 c5 14. Qd2 Nc6 15. f4 Nge7 16. Bxe7 Nxe7 17. Qd3 Qxd3 18. cxd3 {½-½ (50) Ortega,R-Fuchs,R Polanica Zdroj 1965}) 13... Nc6 14. O-O $1 Nce7 (14... Qxd3 {looks sharper.} 15. cxd3 Rf8 16. Rfe1 Kd7 17. g3 f6) 15. Ng3 Qxd3 16. cxd3 Nf5 (16... Kd7 $15) 17. Nxf5 $11 exf5 18. c4 c6 19. a4 Kd7 20. Rfb1 Rhb8 21. cxd5 cxd5 22. Rb5 $36 {[%mdl 2048] White fights for an advantage.} Ke6 23. a5 {Hoping for axb6.} bxa5 24. Rbxa5 f4 25. Ra6+ (25. Rxa7 Rxa7 26. Rxa7 Rb4 $11) 25... Kf5 {[#]} 26. R1a5 $1 (26. Rxa7 $6 Rxa7 27. Rxa7 f6 $15) 26... Kg4 27. Rxd5 Nxh4 28. Bxh4 Kxh4 $16 {[%mdl 4096] Endgame KRR-KRR} 29. Rd7 Rb1+ 30. Kh2 Rb2 $2 (30... Rf8 $16 {was called for.}) 31. Rxf7 $18 {Threatening mate with Rg6.} ({Stronger than} 31. Raxa7 Rab8 $11) 31... g5 32. e6 Rc8 {And now ...Rc1 would win.} 33. e7 {Threatens to win with Rf8.} Rxf2 {aiming for ...Re2.} 34. Re6 ({Weaker is} 34. Rf8 Rcc2 $11) 34... Rcc2 35. e8=Q {White threatens Rxf4+! and mate.} Rxg2+ 36. Kh1 Rcf2 $2 (36... Rh2+ 37. Kg1 Rcg2+ 38. Kf1 Rf2+ 39. Ke1 Rb2) 37. Qa8 $2 (37. Rxf4+ $18 gxf4 38. Rg6) 37... Kh3 $2 {[%mdl 8192]} (37... Rg3 $11 38. Rxf4+ gxf4) 38. Re3+ (38. Re1 {leads to mate.} Rg3 39. Qc8+ g4 40. Qxg4+ Rxg4 41. Re3+ fxe3 42. Rf3+ Rxf3 43. d5 Rf1#) 38... fxe3 {[#]} 39. Rxf2 $1 {[%mdl 64] Overworked Piece} Rxf2 {KQ-KR} 40. Kg1 g4 41. Qe4 a5 42. Qxe3+ {White mates.} g3 43. Qe6+ Kh4 44. d5 Rc2 45. d6 Rc1+ 46. Kg2 Rc2+ 47. Kf3 g2 48. Qe1+ {[%mdl 64] Double Attack. Accuracy: White = 78%, Black = 44%.} 1-0

[Event "WJCC U20 Open 2019"]
[Site "New Delhi"]
[Date "2019.10.15"]
[Round "1.43"]
[White "Amartuvshin, Ganzorig"]
[Black "Hamad, Essam"]
[Result "1/2-1/2"]
[WhiteElo "2391"]
[BlackElo "1849"]
[Annotator "NA"]
[PlyCount "41"]
[EventDate "2019.10.15"]
[EventType "swiss"]
[EventCountry "IND"]
[SourceTitle "playchess.com"]
[Source "ChessBase"]
[SourceQuality "1"]
[TimeControl "40/5400+30:1800+30"]

1. d4 {[%emt 0:00:00]} Nf6 {[%emt 0:00:00]} 2. c4 {[%emt 0:00:00]} e6 {[%emt 0:00:00]} 3. Nc3 {[%emt 0:00:00]} Bb4 {[%emt 0:00:00]} 4. f3 {[%emt 0:00:07]} d5 {[%emt 0:00:00]} 5. a3 {[%emt 0:00:21]} Bxc3+ {[%emt 0:00:03]} 6. bxc3 {[%emt 0:00:07]} c5 {[%emt 0:00:03]} 7. cxd5 {[%emt 0:00:47]} exd5 {[%emt 0:00:07]} 8. e3 {[%emt 0:00:12]} O-O {[%emt 0:04:42]} 9. Bd3 {[%emt 0:00:10]} Nc6 {[%emt 0:03:58]} 10. Ne2 {[%emt 0:00:12]} c4 {[%emt 0:01:17]} 11. Bc2 {[%emt 0:00:13]} Re8 {[%emt 0:01:31]} 12. O-O {[%emt 0:00:47]} b5 {[%emt 0:01:09]} 13. Ng3 {[%emt 0:02:53]} h5 {[%emt 0:01:39]} 14. e4 {[%emt 0:03:39]} h4 {[%emt 0:01:52]} 15. Nh1 {[%emt 0:00:23]} h3 {[%emt 0:10:51]} 16. e5 {[%emt 0:10:45]} hxg2 {[%emt 0:05:55]} 17. Kxg2 {[%emt 0:00:10]} Nh5 {[%emt 0:01:27]} 18. f4 {[%emt 0:01:42]} Qh4 {[%emt 0:00:27]} 19. f5 {[%emt 0:00:20]} Rb8 {[%emt 0:19:44]} 20. Ng3 {[%emt 0:00:47]} g6 {[%emt 0:07:33]} 21. Qf3 1/2-1/2

[Event "WJCC U20 Open 2019"]
[Site "New Delhi"]
[Date "2019.10.15"]
[Round "1.44"]
[White "Davis, Holden"]
[Black "Anuj, Shrivatri"]
[Result "0-1"]
[WhiteElo "1817"]
[BlackElo "2390"]
[Annotator "NA"]
[PlyCount "52"]
[EventDate "2019.10.15"]
[EventType "swiss"]
[EventCountry "IND"]
[SourceTitle "playchess.com"]
[Source "ChessBase"]
[SourceQuality "1"]
[TimeControl "40/5400+30:1800+30"]

1. e4 {[%emt 0:00:00]} e5 {[%emt 0:00:00]} 2. Nf3 {[%emt 0:00:27]} Nc6 {[%emt 0:00:00]} 3. Bc4 {[%emt 0:00:59]} Nf6 {[%emt 0:00:00]} 4. d3 {[%emt 0:00:57]} Bc5 {[%emt 0:00:05]} 5. O-O {[%emt 0:00:51]} d6 6. h3 {[%emt 0:03:09]} a6 {[%emt 0:00:17]} 7. a4 {[%emt 0:01:19]} Ba7 {[%emt 0:00:21]} 8. c3 {[%emt 0:02:44]} h6 {[%emt 0:01:27]} 9. Re1 {[%emt 0:03:50]} g5 {[%emt 0:00:37]} 10. Be3 {[%emt 0:10:07]} Bxe3 {[%emt 0:00:30]} 11. Rxe3 {[%emt 0:00:18]} g4 {[%emt 0:00:29]} 12. hxg4 {[%emt 0:05:39]} Nxg4 {[%emt 0:01:50]} 13. Re1 {[%emt 0:03:55]} h5 {[%emt 0:01:35]} 14. d4 {[%emt 0:21:07]} Qf6 {[%emt 0:02:13]} 15. Qe2 {[%emt 0:08:41]} Ne7 {[%emt 0:11:10]} 16. Qd2 {[%emt 0:05:57]} Rg8 {[%emt 0:02:36]} 17. Rd1 {[%emt 0:00:00]} Nc6 {[%emt 0:00:00]} 18. Re1 {[%emt 0:01:00]} Ne7 {[%emt 0:01:00]} 19. Rd1 {[%emt 0:03:46]} Nc6 {[%emt 0:00:37]} 20. b4 {[%emt 0:02:27]} h4 {[%emt 0:11:03]} 21. Qe2 {[%emt 0:08:57]} Nh6 {[%emt 0:05:13]} 22. Qe3 {[%emt 0:08:22]} Bh3 {[%emt 0:02:34]} 23. Ne1 {[%emt 0:01:57]} Bxg2 {[%emt 0:05:10]} 24. Nxg2 {[%emt 0:00:09]} Ng4 {[%emt 0:00:05]} 25. Qe2 {[%emt 0:03:29]} h3 {[%emt 0:00:34]} 26. Nd2 {[%emt 0:01:31]} Nxf2 {[%emt 0:01:37]} 0-1

[Event "WJCC U20 Open 2019"]
[Site "New Delhi"]
[Date "2019.10.15"]
[Round "1.45"]
[White "Dobrovoljc, Vid"]
[Black "Swarnavo, Choudhury"]
[Result "1-0"]
[WhiteElo "2389"]
[BlackElo "1797"]
[Annotator "NA"]
[PlyCount "75"]
[EventDate "2019.10.15"]
[EventType "swiss"]
[EventCountry "IND"]
[SourceTitle "playchess.com"]
[Source "ChessBase"]
[SourceQuality "1"]
[TimeControl "40/5400+30:1800+30"]

1. e4 {[%emt 0:00:00]} c5 {[%emt 0:00:11]} 2. Nf3 {[%emt 0:00:27]} e6 {[%emt 0:00:35]} 3. d4 {[%emt 0:00:35]} cxd4 {[%emt 0:00:26]} 4. Nxd4 {[%emt 0:00:07]} Nc6 {[%emt 0:00:34]} 5. Nc3 {[%emt 0:00:19]} Qc7 {[%emt 0:00:39]} 6. f4 {[%emt 0:01:16]} a6 {[%emt 0:03:23]} 7. Nxc6 {[%emt 0:02:30]} bxc6 {[%emt 0:02:57]} 8. Bd3 {[%emt 0:00:10]} d5 {[%emt 0:05:09]} 9. O-O {[%emt 0:04:01]} Nf6 {[%emt 0:16:09]} 10. Qe2 {[%emt 0:04:25]} Bc5+ {[%emt 0:08:57]} 11. Kh1 {[%emt 0:07:57]} h5 {[%emt 0:08:12]} 12. Be3 {[%emt 0:09:18]} d4 {[%emt 0:08:37]} 13. Bg1 {[%emt 0:04:16]} Qa5 {[%emt 0:18:00]} 14. Nb1 {[%emt 0:05:58]} Rb8 {[%emt 0:01:26]} 15. Nd2 {[%emt 0:00:18]} Qb6 {[%emt 0:08:03]} 16. Nb3 {[%emt 0:05:34]} a5 {[%emt 0:00:14]} 17. c3 {[%emt 0:02:54]} Be7 {[%emt 0:13:30]} 18. cxd4 {[%emt 0:00:32]} a4 {[%emt 0:00:45]} 19. Nd2 {[%emt 0:00:08]} Qa7 {[%emt 0:01:05]} 20. Nc4 {[%emt 0:01:50]} c5 {[%emt 0:00:30]} 21. Rac1 {[%emt 0:10:08]} cxd4 {[%emt 0:00:35]} 22. Ne5 {[%emt 0:00:09]} Bd7 {[%emt 0:00:28]} 23. Rc4 {[%emt 0:07:09]} Bc5 {[%emt 0:00:33]} 24. Rfc1 {[%emt 0:02:02]} Bb6 {[%emt 0:00:31]} 25. Qd1 {[%emt 0:04:15]} a3 {[%emt 0:00:25]} 26. Nxd7 {[%emt 0:04:42]} Qxd7 {[%emt 0:00:23]} 27. bxa3 {[%emt 0:01:34]} O-O {[%emt 0:00:30]} 28. a4 {[%emt 0:02:56]} Rfd8 {[%emt 0:00:21]} 29. h3 {[%emt 0:05:08]} Ra8 {[%emt 0:00:48]} 30. Rc6 {[%emt 0:01:38]} Qa7 {[%emt 0:00:10]} 31. Rb1 {[%emt 0:04:10]} Rab8 {[%emt 0:00:45]} 32. Bh2 {[%emt 0:02:06]} Re8 {[%emt 0:00:27]} 33. Rb5 {[%emt 0:00:46]} Bc7 {[%emt 0:00:23]} 34. Qc2 {[%emt 0:03:32]} Rxb5 {[%emt 0:00:46]} 35. axb5 {[%emt 0:00:08]} Bb6 {[%emt 0:00:06]} 36. Rc8 {[%emt 0:03:21]} g6 {[%emt 0:00:53]} 37. e5 {[%emt 0:01:13]} Nd5 {[%emt 0:00:09]} 38. Rxe8+ {[%emt 0:00:08]} 1-0

[Event "WJCC U20 Open 2019"]
[Site "New Delhi"]
[Date "2019.10.15"]
[Round "1.46"]
[White "Dahanayake, Isara Banidu"]
[Black "Mendonca, Leon Luke"]
[Result "0-1"]
[WhiteElo "1771"]
[BlackElo "2388"]
[Annotator "TA"]
[PlyCount "56"]
[EventDate "2019.10.15"]
[EventType "swiss"]
[EventCountry "IND"]
[SourceTitle "playchess.com"]
[Source "ChessBase"]
[SourceQuality "1"]

{[%evp 13,56,0,0,0,13,18,12,20,14,11,21,21,16,13,29,-25,-44,-50,-26,-132,-118,-138,-122,-135,-103,-186,-183,-197,-172,-407,-414,-397,-399,-459,-368,-387,-375,-629,-629,-908,-935,-29985,-29986,-29989,-29985]} 1. c4 b6 2. Nc3 Bb7 3. Nf3 Nf6 4. g3 e6 5. Bg2 Be7 6. O-O O-O 7. b3 d5 8. cxd5 {A17: English Opening: 1...Nf6 with ...Bb4} (8. e3 c5 9. Bb2 dxc4 10. bxc4 Nc6 11. Qe2 Qc7 12. Rfd1 Rfd8 13. Rab1 a6 14. Ba1 Na7 15. Ne1 Rab8 16. g4 b5 17. g5 Ne8 18. Qg4 Nd6 19. cxb5 axb5 {1-0 (33) Maghsoodloo,P (2666)-Tiviakov,S (2610) Bandar e Anzali 2019}) 8... exd5 9. e3 Re8 10. Bb2 {The position is equal.} Nbd7 11. d3 $146 ({Predecessor:} 11. Rc1 Rc8 12. d3 Ba6 13. Qc2 c5 14. Qb1 h6 15. Rfd1 Bf8 {0-1 (70) Szemes,T (1844)-Fehervari,I Hungary 2003}) 11... Nf8 12. Rc1 Ne6 13. Ne2 c5 14. Nf4 ({White should try} 14. Ne5) 14... Nxf4 $11 15. gxf4 d4 16. Qd2 (16. exd4 $11 {keeps the balance.} cxd4 17. Nxd4 Bxg2 18. Kxg2) 16... Bd6 $17 17. e4 Nh5 18. e5 Bf8 19. Rfe1 (19. Rce1 $17) 19... g6 $19 20. f5 gxf5 21. Kh1 $2 {[#]} (21. Rcd1 {is a better defense.}) 21... Re6 22. Rg1 {White wants to play Nxd4.} Rg6 {...Bh6 is the strong threat.} 23. Nh4 Bxg2+ ({Less strong is} 23... Qxh4 24. Bxb7 Re8 25. Rxg6+ hxg6 26. Rg1 $19) 24. Nxg2 Qd5 25. f3 $2 (25. Rce1 Bh6 26. Qd1) 25... Qxf3 {And now ...Bh6! would win.} 26. Rgf1 Qh3 27. Kg1 {[#]} Bh6 $1 {[%mdl 64] Skewer} 28. Qf2 Kh8 {Accuracy: White = 26%, Black = 84%.} 0-1

[Event "WJCC U20 Open 2019"]
[Site "New Delhi"]
[Date "2019.10.16"]
[Round "2.1"]
[White "Kollars, Dmitrij"]
[Black "Batsuren, Dambasuren"]
[Result "1/2-1/2"]
[WhiteElo "2587"]
[BlackElo "2454"]
[Annotator "TA"]
[PlyCount "74"]
[EventDate "2019.10.15"]
[EventType "swiss"]
[EventCountry "IND"]
[SourceTitle "playchess.com"]
[Source "ChessBase"]
[SourceQuality "1"]

{[%evp 12,74,19,21,48,53,62,40,21,31,21,30,35,33,29,1,17,0,19,0,37,33,40,27,33,29,73,66,76,68,56,56,96,0,0,0,0,0,14,-2,0,0,0,0,0,0,0,0,0,0,0,0,0,0,0,0,0,0,0,0,0,0,0,0,0]} 1. c4 Nf6 2. Nc3 e6 3. e4 d5 4. cxd5 exd5 5. e5 Ne4 6. Nf3 Nc6 7. Bb5 Nxc3 {A18: English Opening: Flohr-Mikenas System (1 c4 Nf6 2 Nc3 e6 3 e4)} (7... Be7 8. O-O O-O 9. d4 Bg4 10. h3 Bh5 11. Be3 f6 12. exf6 Bxf6 13. Be2 Kh8 14. Re1 Qd6 15. Nd2 Bg6 16. Bf3 Rae8 17. Nb3 Nb4 {½-½ (107) Le,Q (2714)-Peralta,F (2580) Caleta 2019}) 8. dxc3 a6 9. Bxc6+ $146 (9. Ba4 {with more complications.} Be7 10. O-O O-O 11. Qd3 Bg4 12. Re1) ({Predecessor:} 9. Bg5 Qd7 10. Ba4 Bc5 11. O-O O-O 12. Bc2 Re8 13. Qd3 g6 14. Rfe1 Be7 15. Bxe7 Nxe7 16. Qd2 Nf5 17. Bxf5 Qxf5 18. Qxd5 Rb8 19. Qc5 {1-0 (19) Starace,U (2010)-Ponting,A (1875) IECG email 1999}) 9... bxc6 {White is slightly better.} 10. O-O Be7 11. Nd4 Bd7 12. Be3 O-O 13. f4 Re8 14. Qf3 c5 15. Ne2 Rb8 16. b3 $1 $36 {[%mdl 2048] White has some pressure.} c6 17. Ng3 Qa5 18. c4 d4 19. Bf2 f5 {[#]} 20. exf6 $1 Bxf6 21. Ne4 Rf8 22. Qh5 (22. f5 $16) 22... Be7 $1 $11 {The position is equal.} 23. Bh4 ({Wrong is} 23. Bxd4 $2 Rf5 $19) 23... Bxh4 24. Qxh4 Bf5 25. Qe1 Qxe1 26. Raxe1 Bxe4 $1 27. Rxe4 {[%mdl 4096] Endgame KRR-KRR} Rbe8 28. Rfe1 Kf7 29. Kf2 Rxe4 30. Rxe4 {With the idea Re5.} Re8 $1 {[%cal Re8e4]} 31. Rxe8 Kxe8 {KP-KP} 32. g4 Ke7 33. Kf3 a5 34. a4 h6 35. Ke4 Kf6 36. h3 g6 37. Kd3 Ke6 {Accuracy: White = 82%, Black = 63%.} 1/2-1/2

[Event "WJCC U20 Open 2019"]
[Site "New Delhi"]
[Date "2019.10.16"]
[Round "2.2"]
[White "Sargsyan, Shant"]
[Black "Aditya Mittal"]
[Result "1-0"]
[WhiteElo "2580"]
[BlackElo "2430"]
[Annotator "RC"]
[PlyCount "95"]
[EventDate "2019.10.15"]
[EventType "swiss"]
[EventCountry "IND"]
[SourceTitle "playchess.com"]
[Source "ChessBase"]
[SourceQuality "1"]
[TimeControl "40/5400+30:1800+30"]

1. d4 {[%emt 0:02:58]} d5 {[%emt 0:00:00]} 2. c4 {[%emt 0:00:20]} c6 {[%emt 0:00:00]} 3. Nf3 {[%emt 0:00:31]} Nf6 {[%emt 0:00:09]} 4. Nc3 {[%emt 0:00:33]} e6 {[%emt 0:00:09]} 5. e3 {[%emt 0:01:02]} Nbd7 {[%emt 0:00:12]} 6. Qc2 {[%emt 0:00:31]} b6 {[%emt 0:00:26]} 7. cxd5 {[%emt 0:10:55]} cxd5 {[%emt 0:04:37]} 8. Nb5 {[%emt 0:03:45]} Bb4+ {[%emt 0:00:23]} 9. Bd2 {[%emt 0:00:49]} Bxd2+ {[%emt 0:00:08]} 10. Nxd2 {[%emt 0:00:26]} O-O {[%emt 0:00:21]} 11. Qc6 {[%emt 0:09:27]} Rb8 {[%emt 0:31:18]} 12. Nxa7 {[%emt 0:01:12]} e5 {[%emt 0:05:32]} 13. Qd6 {[%emt 0:07:56]} Ne8 {[%emt 0:12:16]} 14. Qb4 {[%emt 0:04:06]} Bb7 {[%emt 0:03:52]} 15. Be2 {[%emt 0:03:56]} Nc7 {[%emt 0:09:29]} 16. O-O {[%emt 0:01:32]} Ne6 {[%emt 0:05:45]} 17. Nb5 {[%emt 0:04:23]} f5 {[%emt 0:03:22]} 18. dxe5 {[%emt 0:04:33]} Nxe5 {[%emt 0:01:15]} 19. Nd4 {[%emt 0:02:14]} Nc5 {[%emt 0:05:25]} 20. N2b3 {[%emt 0:03:39]} Qd6 {[%emt 0:05:33]} 21. Rac1 {[%emt 0:01:19]} Ned7 {[%emt 0:01:09]} 22. Bb5 {[%emt 0:03:16]} f4 {[%emt 0:02:05]} 23. Bxd7 {[%emt 0:01:43]} Qxd7 {[%emt 0:00:01]} 24. Qxb6 {[%emt 0:02:06]} Nxb3 {[%emt 0:02:22]} 25. axb3 {[%emt 0:00:44]} Rf6 {[%emt 0:04:38]} 26. Qc7 {[%emt 0:03:11]} Qxc7 {[%emt 0:00:45]} 27. Rxc7 {[%emt 0:00:01]} Ba6 {[%emt 0:00:12]} 28. Rfc1 {[%emt 0:01:58]} fxe3 {[%emt 0:01:17]} 29. fxe3 {[%emt 0:00:03]} Rbf8 {[%emt 0:00:47]} 30. h3 {[%emt 0:02:04]} Bd3 {[%emt 0:00:56]} 31. Rc8 {[%emt 0:01:58]} Rg6 {[%emt 0:00:32]} 32. Rxf8+ {[%emt 0:02:05]} Kxf8 {[%emt 0:00:02]} 33. Rc6 {[%emt 0:00:38]} Rxc6 {[%emt 0:00:20]} 34. Nxc6 {[%emt 0:00:01]} Ke8 {[%emt 0:00:10]} 35. Kf2 {[%emt 0:00:26]} Be4 {[%emt 0:00:03]} 36. g4 {[%emt 0:01:18]} Kd7 {[%emt 0:00:10]} 37. Nd4 {[%emt 0:00:08]} Kd6 {[%emt 0:00:30]} 38. b4 {[%emt 0:00:11]} g5 {[%emt 0:00:10]} 39. Kg3 {[%emt 0:00:32]} Bd3 {[%emt 0:00:11]} 40. Nf3 {[%emt 0:01:21]} h6 {[%emt 0:00:51]} 41. Nd4 {[%emt 0:30:16]} Be4 {[%emt 0:30:08]} 42. Nf5+ {[%emt 0:00:40]} Kc6 {[%emt 0:00:02]} 43. Nxh6 {[%emt 0:00:10]} Bg6 {[%emt 0:00:22]} 44. Nf5 {[%emt 0:00:10]} Kb5 {[%emt 0:00:03]} 45. Nd4+ {[%emt 0:00:13]} Kxb4 {[%emt 0:00:05]} 46. Nf3 {[%emt 0:00:03]} Kb3 {[%emt 0:00:08]} 47. Nxg5 {[%emt 0:00:05]} Kxb2 {[%emt 0:00:06]} 48. h4 {[%emt 0:00:05]} 1-0